MyGZULibrary

Principles of weed science : (Record no. 5947)

MARC details
000 -LEADER
fixed length control field 00882cam a22002894a 4500
001 - CONTROL NUMBER
control field 199885
003 - CONTROL NUMBER IDENTIFIER
control field GZU
005 - DATE AND TIME OF LATEST TRANSACTION
control field 20210414120539.0
008 - FIXED-LENGTH DATA ELEMENTS--GENERAL INFORMATION
fixed length control field 990713s2000 nhua b 001 0 eng
010 ## - LIBRARY OF CONGRESS CONTROL NUMBER
LC control number 99039247
020 ## - INTERNATIONAL STANDARD BOOK NUMBER
International Standard Book Number 157808069X
035 ## - SYSTEM CONTROL NUMBER
System control number (DLC) 99039247
040 ## - CATALOGING SOURCE
Original cataloging agency DLC
Transcribing agency DLC
Modifying agency DLC
042 ## - AUTHENTICATION CODE
Authentication code pcc
050 00 - LIBRARY OF CONGRESS CALL NUMBER
Classification number SB611
Item number .RAO 2000
100 1# - MAIN ENTRY--PERSONAL NAME
Personal name Rao, V. S.
Fuller form of name (Vallurupalli Sivaji),
Dates associated with a name 1940-
Relator term author
245 10 - TITLE STATEMENT
Title Principles of weed science :
Remainder of title (a reference-cum-textbook) /
Statement of responsibility, etc. V.S. Rao.
250 ## - EDITION STATEMENT
Edition statement 2nd ed.
260 ## - PUBLICATION, DISTRIBUTION, ETC.
Place of publication, distribution, etc. Enfield, N.H. :
Name of publisher, distributor, etc. Science Publishers,
Date of publication, distribution, etc. c2000.
300 ## - PHYSICAL DESCRIPTION
Extent viii, 555 p. :
Other physical details ill. ;
Dimensions 24 cm.
504 ## - BIBLIOGRAPHY, ETC. NOTE
Bibliography, etc. note Includes bibliographical references and indexes.
650 #0 - SUBJECT ADDED ENTRY--TOPICAL TERM
Topical term or geographic name entry element Weeds
General subdivision Control.
650 #0 - SUBJECT ADDED ENTRY--TOPICAL TERM
Topical term or geographic name entry element Herbicides.
906 ## - LOCAL DATA ELEMENT F, LDF (RLIN)
a 7
b cbc
c orignew
d 1
e ocip
f 19
g y-gencatlg
942 ## - ADDED ENTRY ELEMENTS (KOHA)
Source of classification or shelving scheme Library of Congress Classification
Koha item type Books
Edition Second edition
Classification part 611
Item part RAO
Call number prefix SB
Holdings
Withdrawn status Lost status Source of classification or shelving scheme Damaged status Not for loan Collection code Home library Current library Shelving location Date acquired Inventory number Total Checkouts Full call number Barcode Date last seen Copy number Price effective from Koha item type
    Library of Congress Classification     Non-fiction Mashava Campus Library Mashava Campus Library General Stacks 04/14/2021 21489   SB611 RAO 2000 003941 04/14/2021 c. 1 04/14/2021 Books